Zikr-e-Ḥaqq / (Record no. 614420)
[ view plain ]
| 000 -LEADER | |
|---|---|
| fixed length control field | 01445nam a2200253 4500 |
| 040 ## - CATALOGING SOURCE | |
| Transcribing agency | NSHS |
| 082 ## - DEWEY DECIMAL CLASSIFICATION NUMBER | |
| Classification number | 297.382 |
| Author Mark | HAS |
| 100 1# - MAIN ENTRY--PERSONAL NAME | |
| Personal name | Hāshmī, Ḥaẓrat Mawlānā Muḥammad Nawāz Shāh. |
| 9 (RLIN) | 130143 |
| 245 1# - TITLE STATEMENT | |
| Title | Zikr-e-Ḥaqq / |
| Statement of responsibility, etc. | Muʾallif Pīr-i Ṭarīqat Ḥaẓrat Mawlānā Muḥammad Nawāz Shāh Hāshmī. |
| 246 ## - VARYING FORM OF TITLE | |
| Title proper/short title | Zikr-i-Haqq |
| 246 ## - VARYING FORM OF TITLE | |
| Title proper/short title | Zikr-e-Haqq |
| 246 ## - VARYING FORM OF TITLE | |
| Title proper/short title | Zikr-i-Haq |
| 260 ## - PUBLICATION, DISTRIBUTION, ETC. | |
| Place of publication, distribution, etc. | Mānsihrā: |
| Name of publisher, distributor, etc. | Idārah Ishāʿat-i Ḥaqq, |
| Date of publication, distribution, etc. | 2011. |
| 300 ## - PHYSICAL DESCRIPTION | |
| Extent | 317 pages. |
| 500 ## - GENERAL NOTE | |
| General note | DC010725 |
| 500 ## - GENERAL NOTE | |
| General note | Religion |
| 520 ## - SUMMARY, ETC. | |
| Summary, etc. | Zikr-i-Ḥaqq" (ذِکرِ حق), meaning "Remembrance of the Truth", is a spiritually reflective and religious work that centers on the core truths of Islam. The book emphasizes the importance of remembering Allah (Dhikr), understanding the essence of Tawheed (monotheism), and following the teachings of the Prophet Muhammad (ﷺ) in daily life. Through references from the Qur'an, Hadith, and classical Islamic thought, the author invites readers to purify their hearts, strengthen their faith, and align their actions with divine guidance. It serves as both a reminder and a call to live a life rooted in sincerity, piety, and obedience to the truth of Islam. |
| 546 ## - LANGUAGE NOTE | |
| Language note | In Urdu. |
| 650 #0 - SUBJECT ADDED ENTRY--TOPICAL TERM | |
| Topical term or geographic name entry element | Devotional literature |
| General subdivision | Islam |
| 9 (RLIN) | 129667 |
| 650 #0 - SUBJECT ADDED ENTRY--TOPICAL TERM | |
| Topical term or geographic name entry element | Meditation |
| General subdivision | religion |
| -- | Islam |
| 9 (RLIN) | 129668 |
| 650 #0 - SUBJECT ADDED ENTRY--TOPICAL TERM | |
| Topical term or geographic name entry element | Dhikr |
| 9 (RLIN) | 130144 |
| 942 ## - ADDED ENTRY ELEMENTS (KOHA) | |
| Source of classification or shelving scheme | |
| Koha item type | Book |
| Withdrawn status | Lost status | Source of classification or shelving scheme | Damaged status | Not for loan | Permanent Location | Current Location | Date acquired | Full call number | Barcode | Date last seen | Price effective from | Koha item type |
|---|---|---|---|---|---|---|---|---|---|---|---|---|
| NUST School of Health Sciences (NSHS) | NUST School of Health Sciences (NSHS) | 07/17/2025 | 297.382 HAS | NSHS-2004 | 07/17/2025 | 07/17/2025 | Book |
